[Event "Ch World (seniors)"]
[Site "masterchessopen.com Gladenbach (Germany)"]
[Round "7"]
[White "Winiwarter Felix (AUT)"]
[Black "Dorawa Bernhard (GER)"]
[Result "1-0"]
[WhiteElo "2225"]
[BlackElo "1982"]

1.d4 Nf6 2.c4 e6 3.Nc3 Bb4 4.e3 c5 5.a3 Bxc3+ 6.bxc3 Nc6 7.Bd3 O-O 8.Ne2 d6
9.e4 Ne8 10.O-O b6 11.f4 f5 12.Ng3 Na5 13.d5 g6 14.dxe6 Bxe6 15.exf5 gxf5
16.Re1 Ng7 17.Rxe6 Nxe6 18.Nxf5 Rc8 19.Nh6+ Kh8 20.f5 Ng7 21.Qg4 Qf6 22.Bg5
Qxc3 23.Rd1 Qd4+ 24.Qxd4 cxd4 25.Be7 Rfe8 26.f6 Rxe7 27.fxe7 Nc6 28.Nf7+ Kg8
29.Nxd6 Rb8 30.Re1 Ne8 31.Nf5 Rc8 32.Be4 Kf7 33.Bd5+ Kf6 34.g4 Ne5 35.h3 d3
36.Rf1 Kg5 37.Ne3 Nd6 38.Rf8 Ne8 39.Rf5+ Kg6 40.Rxe5 {#r} 1-0

[Event "Ch Helsinki"]
[Site "masterchessopen.com Helsinki (Finland)"]
[Round "2"]
[White "Salimaki Janne (FIN)"]
[Black "Haapasalo Jukka-Pekka (FIN)"]
[Result "0-1"]
[WhiteElo "2215"]
[BlackElo "2245"]

1.d4 Nf6 2.c4 e6 3.Nc3 Bb4 4.e3 c5 5.a3 Bxc3+ 6.bxc3 Nc6 7.Bd3 O-O 8.Ne2 b6
9.e4 Ne8 10.O-O Ba6 11.f4 f5 12.exf5 exf5 13.Ng3 g6 14.dxc5 bxc5 15.Be3 d6
16.Bxf5 gxf5 17.Qd5+ Rf7 18.Qxc6 Bb7 19.Qa4 h5 20.Rfe1 h4 21.Nf1 Rg7 22.Ra2 h3
23.g3 Re7 24.Qd1 Nf6 25.Bd2 Qe8 26.Rxe7 Qxe7 27.Qe1 Qd7 28.Ne3 Re8 29.Qf1 Qc6
30.Qxh3 Qh1+ 31.Kf2 Rxe3 32.Bxe3 Ng4+ 33.Ke2 Bf3+ 34.Kd3 Qd1+ 35.Rd2 Be4# 0-1

[Event "It (open)"]
[Site "masterchessopen.com Helsinki (Finland)"]
[Round "1"]
[White "Aaltio Erkki (FIN)"]
[Black "Sammalvuo Tapani (FIN)"]
[Result "0-1"]
[WhiteElo "2133"]
[BlackElo "2393"]

1.d4 Nf6 2.c4 e6 3.Nc3 Bb4 4.a3 Bxc3+ 5.bxc3 c5 6.e3 Nc6 7.Bd3 O-O 8.Ne2 b6
9.e4 Ne8 10.O-O Ba6 11.f4 f5 12.Ng3 g6 13.Be3 cxd4 14.cxd4 d5 15.cxd5 Bxd3
16.Qxd3 fxe4 17.Qxe4 Qxd5 18.Qxd5 exd5 19.f5 Nd6 20.fxg6 hxg6 21.Rxf8+ Rxf8
22.Rd1 Nc4 23.Bc1 b5 24.Ne2 a5 25.Nf4 b4 26.axb4 axb4 27.Nxd5 Rd8 28.Ne3 Nxd4
29.Kf2 Rf8+ 30.Ke1 Nxe3 31.Bxe3 Nc2+ 32.Kd2 Rd8+ 33.Kxc2 b3+ 34.Kxb3 Rxd1
35.Kc3 Kf7 36.g3 Kf6 37.h4 Kf5 38.Kc2 Rd7 39.Bf4 Kg4 40.Kc3 Kf3 41.Kc4 Rd1
42.Kc3 Rg1 43.Kd3 Rxg3 44.Bxg3 Kxg3 45.Ke2 Kxh4 46.Kf2 Kh3 47.Kg1 Kg3 {#R} 0-1

[Event "Cup Russia (open)"]
[Site "masterchessopen.com Moscow (Russia)"]
[Round "7"]
[White "Ulko Jaroslav (RUS)"]
[Black "Tunik Gennady (RUS)"]
[Result "1-0"]
[WhiteElo "2454"]
[BlackElo "2447"]

1.d4 Nf6 2.c4 e6 3.Nc3 Bb4 4.e3 O-O 5.a3 Bxc3+ 6.bxc3 c5 7.Bd3 Nc6 8.Ne2 b6
9.e4 Ne8 10.Be3 Ba6 11.Ng3 Na5 12.Qe2 Rc8 13.Rc1 Qh4 14.O-O Nf6 15.h3 cxd4
16.cxd4 d6 17.e5 dxe5 18.dxe5 Nd7 19.Ne4 h6 20.f4 Nb3 21.Rcd1 Nbc5 22.Nd6 Rc7
23.Bb1 Nb7 24.Bf2 Qe7 25.f5 exf5 26.Nxf5 Qxe5 27.Qd3 g6 28.Nxh6+ Kh7 29.Nxf7
Qf5 30.Qg3 Qxf7 31.Qxc7 Nb8 32.Qe5 Nc6 33.Qh5+ {#r} 1-0

[Event "Cup Rilton"]
[Site "masterchessopen.com Stockholm (Sweden)"]
[Round "2"]
[White "Eriksson Johan (SWE)"]
[Black "Yakovich Yuri (RUS)"]
[Result "0-1"]
[WhiteElo "2373"]
[BlackElo "2592"]

1.d4 Nf6 2.c4 e6 3.Nc3 Bb4 4.e3 c5 5.Bd3 Nc6 6.a3 Bxc3+ 7.bxc3 O-O 8.Ne2 b6
9.e4 Ne8 10.O-O Ba6 11.f4 f5 12.Ng3 g6 13.dxc5 bxc5 14.Be3 d6 15.Qa4 Bb7
16.Rab1 Qc7 17.Rfe1 Nf6 18.h3 Rae8 19.Re2 Na5 20.Rb5 Nc6 21.Rb1 Ba8 22.Qc2 Na5
23.Bc1 Bc6 24.e5 Nd7 25.exd6 Qxd6 26.Be3 e5 27.Rf2 Qe6 28.Qa2 g5 29.Kh2 exf4
30.Bxf4 gxf4 31.Rxf4 Qe3 {#R} 0-1

[Event "It (cat.2)"]
[Site "masterchessopen.com Budapest (Hungary)"]
[Round "3"]
[White "Mensch Etienne (FRA)"]
[Black "Dub Zeev (ISR)"]
[Result "1-0"]
[WhiteElo "2302"]
[BlackElo "2137"]

1.d4 Nf6 2.c4 e6 3.Nc3 Bb4 4.a3 Bxc3+ 5.bxc3 O-O 6.e3 c5 7.Bd3 Nc6 8.Ne2 b6
9.O-O Ba6 10.Ng3 Na5 11.f4 Bxc4 12.Bxc4 Nxc4 13.Qd3 d5 14.e4 Na5 15.e5 Ne4
16.f5 Nb3 17.f6 Nxa1 18.Nxe4 dxe4 19.Qg3 g6 20.Qg5 Kh8 21.Rf4 Rg8 22.Rh4 Rg7
23.fxg7+ Kxg7 24.Qh6+ Kg8 25.Bg5 f6 26.Qxh7+ Kf8 27.Bxf6 {#r} 1-0

[Event "It (open)"]
[Site "masterchessopen.com Cannes (France)"]
[Round "8"]
[White "Derieux Christian (FRA)"]
[Black "Masserey Yvan (SUI)"]
[Result "0-1"]
[WhiteElo "2172"]
[BlackElo "2370"]

1.d4 Nf6 2.c4 e6 3.Nc3 Bb4 4.e3 O-O 5.a3 Bxc3+ 6.bxc3 c5 7.Bd3 Nc6 8.Ne2 b6
9.O-O Ba6 10.e4 Ne8 11.f4 f5 12.exf5 exf5 13.dxc5 bxc5 14.Be3 d6 15.Ng3 g6
16.Bxf5 gxf5 17.Qd5+ Rf7 18.Qxc6 Bb7 19.Qa4 h5 20.Rab1 Qf6 21.Nxh5 Qh4 22.Qd1
Be4 23.Bf2 Qd8 24.Rb2 Qa5 25.Re1 Qxa3 26.Qa1 Qxc3 27.Re3 Qh8 28.Ng3 Rb8
29.Nxe4 Qxb2 30.Qxb2 Rxb2 31.Nxc5 Rb1+ 32.Be1 Nf6 33.Nd3 Rc7 34.Re6 Ne4 35.g4
Rg7 36.g5 Rc7 37.Kg2 Rxc4 38.Ba5 Rc2+ 39.Kf3 Rxh2 40.Re8+ Kf7 41.Ra8 Rb3 {#R}
0-1

[Event "It (open)"]
[Site "masterchessopen.com Leverkusen (Germany)"]
[Round "8"]
[White "Pyka Andreas (GER)"]
[Black "Morsch Andreas"]
[Result "1-0"]
[WhiteElo "2065"]
[BlackElo "1716"]

1.d4 Nf6 2.c4 e6 3.Nc3 Bb4 4.e3 c5 5.Bd3 O-O 6.a3 Bxc3+ 7.bxc3 Nc6 8.Ne2 b6
9.O-O Bb7 10.e4 Qc7 11.e5 Ne8 12.f4 Ne7 13.Ng3 f5 14.d5 d6 15.Re1 dxe5 16.Rxe5
exd5 17.cxd5 Nxd5 18.Bc4 Nf6 19.Nxf5 Kh8 20.Bxd5 Nxd5 21.c4 Nf6 22.Bb2 Rad8
23.Qc2 Qc6 24.Rae1 Rfe8 25.Ne7 Qd7 26.Re6 Be4 27.R6xe4 Nxe4 28.Qxe4 Qg4 29.h3
Qh5 30.f5 Qf7 31.Qe6 Qxe6 32.Rxe6 Rf8 33.f6 {#r} 1-0

[Event "It (open)"]
[Site "masterchessopen.com Mallorca (Spain)"]
[Round "5"]
[White "Pons Sastre Santiago (ESP)"]
[Black "Kolev Atanas (BUL)"]
[Result "0-1"]
[WhiteElo "2328"]
[BlackElo "2582"]

1.d4 Nf6 2.c4 e6 3.Nc3 Bb4 4.a3 Bxc3+ 5.bxc3 c5 6.e3 O-O 7.Bd3 Nc6 8.Ne2 b6
9.e4 Ne8 10.e5 Ba6 11.Bf4 Na5 12.d5 Bxc4 13.d6 f6 14.O-O Bxd3 15.Qxd3 Nc6
16.exf6 Qxf6 17.Rad1 Qf5 18.Qc4 Nf6 19.Ng3 Qc2 20.Bg5 Nd5 21.Rc1 Qg6 22.Ne4
Rf5 23.Bd2 Raf8 24.Kh1 Nf6 25.Nxf6+ R8xf6 26.Be3 Re5 27.Rfe1 Re4 28.Qa6 Rf8
29.Qb7 Qe8 30.Qa6 Qh5 31.f4 Qd5 32.Qb7 Qxd6 33.Red1 Rb8 34.Qa6 Qe7 35.Qd3 d5
{#R} 0-1

[Event "Ch Commonwealth"]
[Site "masterchessopen.com Sangli (India)"]
[Round "8"]
[White "Banerjee Sushant (IND)"]
[Black "Radha S R (IND)"]
[Result "1-0"]
[WhiteElo "2181"]
[BlackElo "2034"]

1.d4 Nf6 2.c4 e6 3.Nc3 Bb4 4.e3 c5 5.a3 Bxc3+ 6.bxc3 O-O 7.Bd3 Nc6 8.Ne2 d6
9.O-O e5 10.e4 h6 11.d5 Ne7 12.f4 exf4 13.Nxf4 Bg4 14.Qe1 g5 15.Qg3 gxf4
16.Bxf4 Ng6 17.Bxd6 Bd7 18.Bxf8 Kxf8 19.e5 Nh5 20.Qxg6 {#r} 1-0

[Event "It (open)"]
[Site "masterchessopen.com Selestat (France)"]
[Round "6"]
[White "Brunner Nicolas (FRA)"]
[Black "Roser Kevin (FRA)"]
[Result "0-1"]
[WhiteElo "2170"]
[BlackElo "2319"]

1.d4 Nf6 2.c4 e6 3.Nc3 Bb4 4.e3 c5 5.a3 Bxc3+ 6.bxc3 O-O 7.Bd3 Nc6 8.Ne2 b6
9.O-O Ba6 10.e4 Ne8 11.f4 f5 12.e5 Na5 13.g4 g6 14.gxf5 gxf5 15.d5 Kh8 16.Rf3
Rg8+ 17.Rg3 Qh4 18.Rxg8+ Kxg8 19.Ng3 Ng7 20.Rb1 Rd8 21.Qe2 Kf7 22.Bd2 Rg8
23.Kf1 h5 24.Ke1 Qh3 25.d6 Bb7 26.Be3 h4 27.Nf1 Bf3 28.Qf2 Be4 29.Bxe4 fxe4
30.Qc2 Qf3 31.Qf2 Qh3 32.Qc2 Qf3 33.Qf2 Qxf2+ 34.Kxf2 Nxc4 35.Nd2 Nxd2 36.Bxd2
Nf5 37.Re1 h3 38.Rxe4 Rg2+ 39.Ke1 Rxh2 40.Kd1 Rg2 41.Re1 h2 {#R} 0-1

[Event "It (open)"]
[Site "masterchessopen.com Torshavn (Faroe Islands)"]
[Round "3"]
[White "Petersen Terji (FAI)"]
[Black "Berg Olaf (FAI)"]
[Result "0-1"]
[WhiteElo "2142"]
[BlackElo "2279"]

1.d4 Nf6 2.c4 e6 3.Nc3 Bb4 4.e3 O-O 5.Bd3 c5 6.a3 Bxc3+ 7.bxc3 Nc6 8.Ra2 b6
9.Nf3 Re8 10.d5 Na5 11.O-O Ba6 12.Qe2 exd5 13.cxd5 c4 14.Bb1 Nxd5 15.Qc2 Nf6
16.Ng5 h6 17.Nh3 Nb7 18.Rd1 Nc5 19.Nf4 Bb7 20.f3 Qc7 21.Rb2 Nb3 22.Ba2 g5
23.Bxb3 gxf4 24.Qf5 Kg7 25.Ba2 fxe3 26.Re2 Re5 27.Qf4 Rd5 28.Rxd5 Qxf4 29.Bxe3
Qc7 30.Rf5 Nd5 31.Bd2 Qc5+ 32.Kh1 f6 33.Rh5 Rh8 34.Re4 Qf2 {#R} 0-1

[Event "Cup Vila Velha"]
[Site "masterchessopen.com Vila Velha"]
[Round "5"]
[White "Abreu Guilherme (BRA)"]
[Black "Reis Paulo F J (BRA)"]
[Result "0-1"]
[WhiteElo "2076"]
[BlackElo "2280"]

1.d4 e6 2.c4 Nf6 3.Nc3 Bb4 4.e3 c5 5.Bd3 Nc6 6.a3 Bxc3+ 7.bxc3 O-O 8.Ne2 b6
9.e4 Ne8 10.e5 f5 11.Be3 d6 12.exd6 Qxd6 13.d5 Ne5 14.Nf4 Nxd3+ 15.Qxd3 e5
16.Nh3 f4 17.Bc1 Bf5 18.Qe2 Qf6 19.Bd2 Nd6 20.Ng1 e4 21.Rd1 e3 22.fxe3 Rae8
23.Nf3 fxe3 24.Bc1 Qxc3+ 25.Kf1 Bc2 26.Re1 Bd3 {#R} 0-1

[Event "It (open) (b)"]
[Site "masterchessopen.com Porto San Giorgio (Italy)"]
[Date "2000.08.25"]
[Round "6"]
[White "Amico Rosario (ITA)"]
[Black "Godina Paolo"]
[Result "1-0"]
[WhiteElo "2007"]
[BlackElo "1618"]

1.d4 Nf6 2.c4 e6 3.Nc3 Bb4 4.e3 O-O 5.a3 Bxc3+ 6.bxc3 c5 7.Bd3 Nc6 8.Ne2 d5
9.O-O cxd4 10.cxd4 b6 11.Ng3 Ba6 12.cxd5 Bxd3 13.Qxd3 Qxd5 14.Bb2 Ne5 15.Qe2
Ng6 16.e4 Qd7 17.f4 Rac8 18.d5 Ne8 19.Rad1 exd5 20.Rxd5 Qb7 21.Nf5 Rc5 22.Rxc5
bxc5 23.Qc2 Ne7 24.Nxe7+ Qxe7 25.e5 f6 26.Rc1 fxe5 27.Bxe5 Nc7 28.Qxc5 Qxc5+
29.Rxc5 Ne6 30.Rc4 Rd8 31.f5 Nf8 32.g4 Rd1+ 33.Kf2 Nd7 34.Rc8+ Kf7 35.Rc7 Kg8
36.Bc3 a6 37.Bb4 g6 38.fxg6 hxg6 39.Rc6 {#r} 1-0

[Event "It (open) (b)"]
[Site "masterchessopen.com Porto San Giorgio (Italy)"]
[Date "2000.08.27"]
[Round "8"]
[White "Amico Rosario (ITA)"]
[Black "Colabrese Cary (ITA)"]
[Result "1-0"]
[WhiteElo "2007"]
[BlackElo "1584"]

1.d4 Nf6 2.c4 e6 3.Nc3 Bb4 4.e3 c5 5.a3 Bxc3+ 6.bxc3 O-O 7.Bd3 Nc6 8.Ne2 e5
9.d5 e4 10.Bb1 Ne5 11.Ng3 Nxc4 12.Nxe4 Nxe4 13.Bxe4 f5 14.Bb1 d6 15.Qe2 Ne5
16.O-O Bd7 17.f4 Ng6 18.Rf3 Qe8 19.Ra2 c4 20.Rh3 Rf6 21.Qxc4 Rc8 22.Qd4 b5
23.Bd3 Nxf4 24.Qxf4 Rxc3 25.Qf1 Rc5 26.Bb2 Rf7 27.Qf3 g6 28.Ra1 Qc8 29.Qf4
Rxd5 30.Rc1 Qb8 31.Bb1 Rd2 32.Ba2 Qb7 33.Bxf7+ Kf8 34.Qh6+ Ke7 35.Qg5+ Kf8
36.Qd8+ Kxf7 37.Rxh7+ Ke6 38.Qg8# 1-0

[Event "It (open)"]
[Site "masterchessopen.com Barcelona (Spain)"]
[Round "6"]
[White "Raineri Pablo (ARG)"]
[Black "Parker Jonathan (ENG)"]
[Result "0-1"]
[WhiteElo "2164"]
[BlackElo "2539"]

1.d4 Nf6 2.c4 e6 3.Nc3 Bb4 4.a3 Bxc3+ 5.bxc3 c5 6.e3 Nc6 7.Bd3 O-O 8.Ne2 b6
9.O-O Ba6 10.e4 Ne8 11.f4 f5 12.e5 d6 13.d5 Na5 14.dxe6 g6 15.g4 Ng7 16.Ng3
Qe8 17.gxf5 gxf5 18.e7 Qxe7 19.Nh5 Kh8 20.Ra2 Bb7 21.exd6 Qxd6 22.Be2 Qg6+
23.Ng3 Rad8 24.Rd2 Rxd2 25.Qxd2 h5 26.Qd7 h4 27.Qe7 Rf6 28.Bf3 Bxf3 29.Qd8+
Kh7 30.Rxf3 Nc6 31.Qc8 Nh5 {#R} 0-1

[Event "Ch Spain (open)"]
[Site "masterchessopen.com Cala Mendia (Spain)"]
[Round "1"]
[White "Picazo Lopez Juan Antonio (ESP)"]
[Black "Garcia Carbo Marcial (ESP)"]
[Result "0-1"]
[WhiteElo "2055"]
[BlackElo "2354"]

1.d4 Nf6 2.c4 e6 3.Nc3 Bb4 4.e3 c5 5.a3 Bxc3+ 6.bxc3 Nc6 7.Bd3 O-O 8.Ne2 b6
9.O-O Ba6 10.Ng3 Na5 11.dxc5 bxc5 12.Qa4 d5 13.Rd1 Bxc4 14.Bxc4 Nxc4 15.e4 h6
16.exd5 exd5 17.Nf5 Re8 18.Ne3 Qa5 19.Qxa5 Nxa5 20.Ra2 Rab8 21.Rc2 Rb1 22.Kf1
Nb3 23.Bb2 Rxd1+ 24.Nxd1 Ne4 25.Re2 Ned2+ 26.Ke1 Rxe2+ 27.Kxe2 Nc4 28.Kd3 Kf8
29.Kc2 Nba5 30.Bc1 Ke7 31.Ne3 Ke6 32.Nxc4 Nxc4 33.Kb3 Ke5 34.f3 f5 35.Ka4 a6
36.Kb3 f4 37.g3 g5 38.Kc2 Ne3+ 39.Kd3 c4+ 40.Ke2 d4 {#R} 0-1

[Event "Ch Germany (juniors) (under 20) (team)"]
[Site "masterchessopen.com Hamburg (Germany)"]
[Round "7"]
[White "Eckhardt Wladislaw (GER)"]
[Black "Kritz Leonid (GER)"]
[Result "0-1"]
[WhiteElo "2199"]
[BlackElo "2418"]

1.d4 Nf6 2.c4 e6 3.Nc3 Bb4 4.e3 O-O 5.a3 Bxc3+ 6.bxc3 c5 7.Bd3 Nc6 8.Ne2 b6
9.O-O Ba6 10.e4 Ne8 11.f4 f6 12.f5 e5 13.d5 Na5 14.Rf3 Bxc4 15.Bxc4 Nxc4
16.Rh3 Rf7 17.Ng3 h6 18.Nh5 Kf8 19.Rg3 Ke7 20.Rg6 b5 21.d6+ Ncxd6 22.Be3 Rc8
23.Qg4 Qa5 24.Bd2 Qa4 25.Re1 Qc2 26.Re2 Qd1+ 27.Be1 b4 28.axb4 cxb4 29.cxb4
Rc2 30.Kf1 Rxe2 31.Qxe2 Qxe2+ 32.Kxe2 Nxe4 {#R} 0-1

[Event "Tournament (IECG)"]
[Site "masterchessopen.com Internet"]
[Round "0"]
[White "Horvath Istvan (HUN)"]
[Black "Markus Roland (GER)"]
[Result "0-1"]
[WhiteElo "2195"]
[BlackElo "1772"]

1.d4 Nf6 2.c4 e6 3.Nc3 Bb4 4.e3 O-O 5.Bd3 c5 6.a3 Bxc3+ 7.bxc3 Nc6 8.Ne2 b6
9.e4 Ne8 10.O-O Ba6 11.Qa4 Qc8 12.Be3 d6 13.Ng3 Na5 14.dxc5 dxc5 15.e5 f5
16.exf6 Nxf6 {#R} 0-1

[Event "It (open)"]
[Site "masterchessopen.com Patras (Greece)"]
[Round "4"]
[White "Halkias Stelios (GRE)"]
[Black "Khetsuriani Besarion (GEO)"]
[Result "1-0"]
[WhiteElo "2519"]
[BlackElo "2411"]

1.d4 Nf6 2.c4 e6 3.Nc3 Bb4 4.e3 c5 5.a3 Bxc3+ 6.bxc3 Nc6 7.Bd3 O-O 8.Ne2 b6
9.e4 Ne8 10.O-O Ba6 11.f4 Na5 12.f5 f6 13.Nf4 exf5 14.exf5 Nd6 15.dxc5 bxc5
16.Rf3 Bxc4 17.Rg3 Rf7 18.Bc2 Qe8 19.h3 Nab7 20.Rb1 Rc8 21.Qg4 Qe1+ 22.Kh2 Qf2
23.Rb2 Re8 24.Bd3 Qe1 25.Bxc4 Nxc4 26.Nd3 Ne5 27.Nxe5 fxe5 28.Bd2 Qf2 29.Bh6
Qxf5 30.Qxf5 Rxf5 31.Rxb7 Rf7 32.Rxa7 d5 33.Rxg7+ {#r} 1-0

[Event "It (open)"]
[Site "masterchessopen.com Sevilla (Spain)"]
[Round "7"]
[White "Carrabeo Garcia Manuel (ESP)"]
[Black "Campora Daniel H (ARG)"]
[Result "0-1"]
[WhiteElo "2072"]
[BlackElo "2536"]

1.d4 Nf6 2.c4 e6 3.Nc3 Bb4 4.e3 c5 5.Bd3 O-O 6.a3 Bxc3+ 7.bxc3 Nc6 8.Ne2 d6
9.O-O e5 10.e4 Re8 11.d5 Ne7 12.f3 Ng6 13.Be3 Bd7 14.Qd2 Ba4 15.Ng3 Nd7 16.Nf5
Ndf8 17.Rab1 Qc7 18.g3 f6 19.Rf2 Ne7 20.Rg2 Rab8 21.Kh1 Nxf5 22.exf5 g5 23.h4
h6 24.hxg5 hxg5 25.Rh2 Nh7 26.Kg2 Re7 27.Qe2 Rg7 28.Rbh1 a6 29.Rh6 Be8 30.Rb1
Qa5 31.Bd2 Qxa3 32.Rb6 Rd8 33.Qd1 Qa5 34.Rb1 Qc7 35.Qh1 Rb8 36.Qh3 b5 37.cxb5
c4 38.Be4 Rxb5 39.g4 Rxb1 40.Bxb1 Qb7 {#R} 0-1

[Event "Ch Georgia (juniors) (under 18) (g)"]
[Site "masterchessopen.com Tbilisi (Georgia)"]
[Round "0"]
[White "Tsadzikidze Natia (GEO)"]
[Black "Charkhalashvili Inga (GEO)"]
[Result "0-1"]
[WhiteElo "2308"]
[BlackElo "2319"]

1.d4 Nf6 2.c4 e6 3.Nc3 Bb4 4.e3 O-O 5.Bd3 c5 6.a3 Bxc3+ 7.bxc3 Nc6 8.Ne2 d6
9.e4 e5 10.d5 Na5 11.O-O Nd7 12.Ng3 Nb6 13.Rb1 Nbxc4 14.Qe2 Nb6 15.c4 Bd7
16.Bd2 Nc8 17.f4 b6 18.Nf5 Bxf5 19.exf5 f6 20.fxe5 dxe5 21.Bxa5 bxa5 22.Qe3
Nd6 23.Qxc5 e4 24.Be2 Re8 25.Qe3 Qc8 26.Qf4 Qc5+ 27.Kh1 Rac8 28.Rbc1 e3 29.Bd3
Qxa3 30.c5 Rxc5 31.Ra1 Qxd3 32.Qxd6 e2 33.Rfe1 Rxd5 34.Qc6 Qb5 35.Qxb5 Rxb5
36.g4 h5 37.h3 Re4 38.Ra2 hxg4 39.hxg4 Rxg4 40.Raxe2 Rxf5 41.Re8+ Kh7 {#R} 0-1

[Event "Ch Catalunia"]
[Site "masterchessopen.com Barcelona (Spain)"]
[Date "2001.04.15"]
[Round "8"]
[White "Moskalenko Viktor (UKR)"]
[Black "Campos Moreno Javier B (CHI)"]
[Result "1-0"]
[WhiteElo "2522"]
[BlackElo "2500"]

1.d4 Nf6 2.c4 e6 3.Nc3 Bb4 4.e3 O-O 5.a3 Bxc3+ 6.bxc3 c5 7.Bd3 Nc6 8.Ne2 b6
9.e4 Ne8 10.O-O Ba6 11.f4 f5 12.d5 Na5 13.e5 Bxc4 14.Bxc4 Nxc4 15.d6 Qc8
16.Qd3 Na5 17.Bd2 c4 18.Qf3 Qb7 19.Qxb7 Nxb7 20.Be3 g6 21.Rfb1 Ng7 22.a4 Rfc8
23.Nd4 h6 24.g3 Kf7 25.Kg2 Na5 26.Kf3 Ne8 27.Ra2 Rc5 28.h3 Rd5 29.Rb5 Ng7
30.Rab2 Nc6 31.Nxc6 dxc6 32.R5b4 Ke8 33.Rxc4 Kd7 34.Rcb4 Ra5 35.Ra2 g5 36.c4
g4+ 37.hxg4 fxg4+ 38.Kxg4 Nf5 39.Bf2 c5 40.Rb5 Ra6 41.Rb1 Rg8+ 42.Kf3 h5
43.Rh1 Rh8 44.Raa1 Kc8 45.Ke4 {#r} 1-0

[Event "It (open) \"]
[Site "masterchessopen.com Baden-Baden (Germany)"]
[Round "2"]
[White "Scharping Hans-Martin (GER)"]
[Black "Schenk Andreas (GER)"]
[Result "0-1"]
[WhiteElo "2125"]
[BlackElo "2478"]

1.d4 e6 2.c4 Nf6 3.Nc3 Bb4 4.a3 Bxc3+ 5.bxc3 c5 6.e3 Nc6 7.Bd3 O-O 8.Rb1 d6
9.Nf3 e5 10.d5 e4 11.dxc6 bxc6 12.Be2 exf3 13.gxf3 Qe7 14.Rg1 Nd7 15.f4 f5
16.Bf3 Rb8 17.Rxb8 Nxb8 18.Qa4 Be6 19.Be2 Qc7 20.Bd3 Nd7 21.Rg5 Nb6 22.Qc2 Qf7
23.e4 h6 24.Rg3 Bxc4 25.exf5 Bxd3 26.Qxd3 Qd5 27.Qxd5+ cxd5 28.Rg6 Rf6 29.Rxf6
gxf6 30.Ke2 a5 31.Kd3 a4 32.Ke3 Kg7 33.Kf3 h5 34.Ke3 Kf8 35.Kd3 Kf7 36.Ke3 Nc8
37.Kd3 Ne7 38.c4 d4 39.Ke4 Ke8 40.Bd2 Kd7 41.Ba5 d5+ 42.cxd5 Kd6 43.Bd8 Nxd5
44.Ba5 Nc3+ 45.Kd3 Kd5 46.Bd8 c4+ 47.Kc2 Ne4 {#R} 0-1

[Event "Ch Hessen (seniors)"]
[Site "masterchessopen.com Bruchkoebel (Germany)"]
[Round "6"]
[White "Jugow Alexander (GER)"]
[Black "Biller Helmut Dr (GER)"]
[Result "1-0"]
[WhiteElo "2266"]
[BlackElo "2189"]

1.d4 Nf6 2.c4 e6 3.Nc3 Bb4 4.e3 c5 5.a3 Bxc3+ 6.bxc3 O-O 7.Bd3 Nc6 8.Ne2 b6
9.e4 Ne8 10.f4 f5 11.Ng3 Qh4 12.d5 Na5 13.e5 d6 14.O-O Qd8 15.Re1 Nc7 16.exd6
Qxd6 17.Re5 g6 18.Qe2 Re8 19.Bb2 Ba6 20.Re1 Rad8 21.h4 exd5 22.Bxf5 gxf5
23.Nxf5 Qf6 24.Qh5 Re6 25.Rxe6 Nxe6 26.Rxe6 Qxe6 27.Qg5+ Kf7 28.Qg7+ Ke8
29.Qxh7 Qf6 30.cxd5 Bc8 31.Ng7+ Kf8 32.Nh5 Qf5 33.Qg7+ {#r} 1-0

[Event "It (open) \"]
[Site "masterchessopen.com Copenhagen (Denmark)"]
[Round "1"]
[White "Unmack Christian (SWE)"]
[Black "Palo Davor (DEN)"]
[Result "0-1"]
[WhiteElo "2085"]
[BlackElo "2484"]

1.d4 Nf6 2.c4 e6 3.Nc3 Bb4 4.a3 Bxc3+ 5.bxc3 c5 6.e3 O-O 7.Bd3 Nc6 8.Ne2 e5
9.O-O d6 10.Ng3 Re8 11.e4 cxd4 12.f4 dxc3 13.f5 h6 14.Nh5 Nd4 15.h4 b5
16.Nxf6+ Qxf6 17.Qh5 Bxf5 18.Rxf5 Nxf5 19.exf5 e4 20.Be2 c2 21.Ra2 Qc3 22.Kh2
bxc4 23.f6 Qxf6 24.Rxc2 Rac8 25.Rxc4 Rxc4 26.Bxc4 Rc8 27.Qd5 Qe5+ 28.Qxe5 dxe5
{#R} 0-1

[Event "It (open) \"]
[Site "masterchessopen.com Copenhagen (Denmark)"]
[Round "9"]
[White "Unmack Christian (SWE)"]
[Black "Schmied Andreas (GER)"]
[Result "1-0"]
[WhiteElo "2085"]
[BlackElo "2128"]

1.d4 Nf6 2.c4 e6 3.Nc3 Bb4 4.a3 Bxc3+ 5.bxc3 c5 6.e3 Nc6 7.Bd3 O-O 8.Ne2 b6
9.e4 Ne8 10.O-O Ba6 11.f4 f5 12.Ng3 g6 13.exf5 exf5 14.dxc5 bxc5 15.Be3 d6
16.Qf3 Na5 17.Rab1 Rf7 18.Rfd1 Rc8 19.Bf2 Qf6 20.Nf1 Bxc4 21.Ne3 Bxd3 22.Rxd3
Nc7 23.c4 Rd7 24.Be1 {#r} 1-0

[Event "Ch Finland"]
[Site "masterchessopen.com Helsinki (Finland)"]
[Round "5"]
[White "Norri Joose (FIN)"]
[Black "Agopov Mikael (FIN)"]
[Result "1-0"]
[WhiteElo "2403"]
[BlackElo "2376"]

1.d4 Nf6 2.c4 e6 3.Nc3 Bb4 4.e3 c5 5.a3 Bxc3+ 6.bxc3 Nc6 7.Bd3 O-O 8.Ne2 b6
9.e4 e5 10.Bg5 h6 11.Bh4 Re8 12.f4 cxd4 13.cxd4 exf4 14.e5 g5 15.exf6 gxh4
16.O-O Qxf6 17.Nxf4 Qxd4+ 18.Kh1 Kh8 19.Nd5 Ne5 20.Qh5 Re6 21.Bf5 Rc6 22.Rad1
Qb2 23.Be4 Bb7 24.Rd2 Qxd2 25.Qxe5+ Kg8 26.Ne7+ Kf8 27.Bxc6 Qd3 28.Qf6 {#r}
1-0

[Event "Ch ICC (blitz) (final)"]
[Site "masterchessopen.com Internet"]
[Round "3"]
[White "Agdestein Simen (NOR)"]
[Black "Jenni Florian (SUI)"]
[Result "1-0"]
[WhiteElo "2578"]
[BlackElo "2516"]

1.d4 Nf6 2.c4 e6 3.Nc3 Bb4 4.a3 Bxc3+ 5.bxc3 c5 6.e3 O-O 7.Bd3 Nc6 8.Ne2 b6
9.O-O Ba6 10.e4 Ne8 11.f4 f5 12.e5 cxd4 13.cxd4 d5 14.exd6 Nxd6 15.d5 exd5
16.cxd5 Bxd3 17.Qxd3 Ne4 18.Bb2 Ne7 19.Rad1 Qd7 20.d6 Ng6 21.Ng3 Rae8 22.Qd5+
Kh8 23.Nxe4 Rxe4 24.Rc1 Rxf4 25.Rc7 Rxf1+ 26.Kxf1 Nf4 27.Qe5 Nd3 28.Rxd7 {#r}
1-0

[Event "Ch Pan-American (juniors) (under 20)"]
[Site "masterchessopen.com La Paz (Bolivia)"]
[Round "4"]
[White "Andrade Ulises (VEN)"]
[Black "Pacheco Marco (PER)"]
[Result "0-1"]
[WhiteElo "2246"]
[BlackElo "2353"]

1.d4 Nf6 2.c4 e6 3.Nc3 Bb4 4.e3 O-O 5.a3 Bxc3+ 6.bxc3 c5 7.Bd3 Nc6 8.Ne2 b6
9.O-O d5 10.cxd5 exd5 11.Ng3 Re8 12.f3 Bb7 13.Qd2 Rc8 14.Qf2 Rc7 15.Bb2 Na5
16.Rae1 cxd4 17.cxd4 Nc4 18.Bc1 Nd6 19.Ne2 Qc8 20.Qg3 Nc4 21.Nf4 Rce7 22.Qf2
b5 23.g4 Nd7 24.Qh4 Nf8 25.Qf2 Qc7 26.Bxc4 bxc4 27.Qc2 Ne6 28.Ne2 Qd6 29.Bd2
Rd7 30.Ra1 Bc6 31.Kg2 Rb7 32.Nc3 Reb8 33.Rfb1 Rb3 34.Be1 R8b6 35.Bg3 Qd7
36.Bf2 Qb7 37.Rxb3 Rxb3 38.Rb1 a5 39.Bg3 Rxc3 {#R} 0-1

[Event "It (open) \"]
[Site "masterchessopen.com Moscow (Russia)"]
[Round "9"]
[White "Aleksandrov Aleksej (BLR)"]
[Black "Izoria Zviad (GEO)"]
[Result "1-0"]
[WhiteElo "2633"]
[BlackElo "2565"]

1.d4 Nf6 2.c4 e6 3.Nc3 Bb4 4.e3 O-O 5.Bd3 c5 6.a3 Bxc3+ 7.bxc3 Nc6 8.Ne2 b6
9.e4 Ne8 10.O-O Ba6 11.f4 f5 12.dxc5 bxc5 13.Be3 d6 14.Ng3 g6 15.Re1 Qc7
16.Bf2 Nf6 17.h3 Rfe8 18.Ra2 Na5 19.Rae2 Qc6 20.exf5 exf5 21.Bxf5 gxf5 22.Nxf5
Qd7 23.Qd3 Kf8 24.Re7 Rxe7 25.Rxe7 Bxc4 26.Qg3 Qxe7 27.Nxe7 Kxe7 28.Qg7+ Ke6
29.Bh4 Ne4 30.Qg4+ {#r} 1-0

[Event "It (open) \"]
[Site "masterchessopen.com Philadelphia (USA)"]
[Round "3"]
[White "Adams Nick A (USA)"]
[Black "Shapiro Daniel E (USA)"]
[Result "1-0"]
[WhiteElo "2197"]
[BlackElo "2289"]

1.d4 Nf6 2.c4 e6 3.Nc3 Bb4 4.e3 c5 5.a3 Bxc3+ 6.bxc3 Nc6 7.Bd3 O-O 8.Ne2 b6
9.e4 Ne8 10.Be3 d6 11.O-O Ba6 12.Ng3 g6 13.Bh6 Ng7 14.f4 f5 15.d5 exd5 16.exf5
d4 17.Be4 Rc8 18.fxg6 hxg6 19.Qg4 Ne7 20.f5 Qd7 21.Bxg7 {#r} 1-0